The Composition of Capital Flows : Is South Africa Different? /

Over the past decade, South Africa has attracted relatively little foreign direct investment (FDI), but considerable amounts of portfolio inflows. In this context, the objective of the paper is twofold: to identify the determinants of the level and composition of capital flows to emerging markets an...

詳細記述

書誌詳細
第一著者: Funke, Norbert
その他の著者: Ahmed, Faisal, Arezki, Rabah
フォーマット: 雑誌
言語:English
出版事項: Washington, D.C. : International Monetary Fund, 2005.
シリーズ:IMF Working Papers; Working Paper ; No. 2005/040
オンライン・アクセス:Full text available on IMF
LEADER 01812cas a2200265 a 4500
001 AALejournalIMF008757
008 230101c9999 xx r poo 0 0eng d
020 |c 5.00 USD 
020 |z 9781451860597 
022 |a 1018-5941 
040 |a BD-DhAAL  |c BD-DhAAL 
100 1 |a Funke, Norbert. 
245 1 4 |a The Composition of Capital Flows :   |b Is South Africa Different? /  |c Norbert Funke, Faisal Ahmed, Rabah Arezki. 
264 1 |a Washington, D.C. :  |b International Monetary Fund,  |c 2005. 
300 |a 1 online resource (28 pages) 
490 1 |a IMF Working Papers 
500 |a <strong>Off-Campus Access:</strong> No User ID or Password Required 
500 |a <strong>On-Campus Access:</strong> No User ID or Password Required 
506 |a Electronic access restricted to authorized BRAC University faculty, staff and students 
520 3 |a Over the past decade, South Africa has attracted relatively little foreign direct investment (FDI), but considerable amounts of portfolio inflows. In this context, the objective of the paper is twofold: to identify the determinants of the level and composition of capital flows to emerging markets and to draw policy conclusions for South Africa. We estimate a dynamic panel for up to 81 emerging markets using GMM (Generalized Method of Moments) techniques. The results suggest that further trade and capital control liberalization would increase the share of FDI. Additionally, a reduction in exchange rate volatility would affect the composition of capital flows in favor of FDI. 
538 |a Mode of access: Internet 
700 1 |a Ahmed, Faisal. 
700 1 |a Arezki, Rabah. 
830 0 |a IMF Working Papers; Working Paper ;  |v No. 2005/040 
856 4 0 |z Full text available on IMF  |u http://elibrary.imf.org/view/journals/001/2005/040/001.2005.issue-040-en.xml  |z IMF e-Library